Catálogo
 En Linea

La conquista de la naturaleza. / (Registro nro. 36542)

Detalles MARC
000 -CABECERA
campo de control de longitud fija 00621nam a2200193 a 4500
001 - NÚMERO DE CONTROL
campo de control 000037052
005 - FECHA Y HORA DE LA ÚLTIMA TRANSACCIÓN
campo de control 20200930080117.0
008 - DATOS DE LONGITUD FIJA--INFORMACIÓN GENERAL
campo de control de longitud fija 120209s1969 xxu 000 0 spa d
040 ## - FUENTE DE LA CATALOGACIÓN
Centro catalogador/agencia de origen DO-SdBNP
Lengua de catalogación spa
Centro/agencia transcriptor BNPHU
082 ## - NÚMERO DE LA CLASIFICACIÓN DECIMAL DEWEY
Número de clasificación xxxx
Número de documento/Ítem F692c
100 1# - ENTRADA PRINCIPAL--NOMBRE DE PERSONA
Nombre de persona Forbes, R. J.
9 (RLIN) 63456
240 13 - TÍTULO UNIFORME
Título uniforme The conqest of nature
Lenguaje de la obra Español
245 13 - MENCIÓN DE TÍTULO
Título La conquista de la naturaleza. /
Mención de responsabilidad, etc. R. J. Forbes; traducción Miguel Roldan.
260 ## - PUBLICACIÓN, DISTRIBUCIÓN, ETC.
Lugar de publicación, distribución, etc. Venezuela :
Nombre del editor, distribuidor, etc. Monte Ávila Editores,
Fecha de publicación, distribución, etc. 1969.
300 ## - DESCRIPCIÓN FÍSICA
Extensión 158 p. ;
Dimensiones 24 cm.
490 1# - MENCIÓN DE SERIE
Mención de serie Perspectiva actual,
Designación de volumen o secuencia 5
700 1# - PUNTO DE ACCESO ADICIONAL--NOMBRE DE PERSONA
Nombre de persona Roldan, Miguel,
Término indicativo de función/relación tr.
9 (RLIN) 63457
830 #0 - PUNTO DE ACCESO ADICIONAL DE SERIE-TÍTULO UNIFORME
Título uniforme Perspectiva actual,
Designación de volumen o secuencia 5
9 (RLIN) 63458
Existencias
Estado de retiro Estado de pérdida Restricciones de uso No para préstamo Código de colección Localización permanente Ubicación/localización actual Ubicación en estantería Fecha de adquisición Número de inventario Total de préstamos Signatura topográfica completa Código de barras Fecha visto por última vez Precio válido a partir de Tipo de ítem Koha
      Excluido de préstamo Monografías: Libros y Folletos General General En catalogación 09.02.2012 LF1   xxxx F692c 37052-10 25.06.2020 25.06.2020 No se presta

Con tecnología Koha